Địa chất học

שמור ב:
מידע ביבליוגרפי
פורמט: ספר
שפה:Undetermined
נושאים:
תגים: הוספת תג
אין תגיות, היה/י הראשונ/ה לתייג את הרשומה!
Thư viện lưu trữ: Trung tâm Học liệu Trường Đại học Cần Thơ
LEADER 00316nam a2200121Ia 4500
001 CTU_3330
008 210402s9999 xx 000 0 und d
082 |a 551 
082 |b Đ301 
245 0 |a Địa chất học 
650 |a geology 
904 |i Minh, 960905 
980 |a Trung tâm Học liệu Trường Đại học Cần Thơ